| 000 | 00787nam a22002177a 4500 | ||
|---|---|---|---|
| 003 | OSt | ||
| 005 | 20260512002005.0 | ||
| 008 | 260220b |||||||| |||| 00| 0 eng d | ||
| 020 | _a0736074171 | ||
| 040 |
_aDWCL-Main Lib _cOC |
||
| 082 | _aProf. 613.7042 D562 2008 | ||
| 100 | _aDienstmann, Ronald | ||
| 245 |
_aGames for motor learning: _b111 fun activities for growing brains / _cDienstmann, Ronald |
||
| 260 |
_aChampaign, 1L : _bHuman Kinetics, _cc2008. |
||
| 300 |
_axiv, 193 pages : _billustrations ; _c23 cm. |
||
| 504 | _a1. Includes index. | ||
| 650 | _aGames - study and teaching (Elementary) - United States. | ||
| 650 | _aMotor learning. | ||
| 650 | _aPhysical education for children - study and teaching (Elementary) - United States. | ||
| 942 |
_2ddc _cPROF. _mProf. _n0 |
||
| 999 |
_c8459 _d8459 |
||